000 01056nam a22003011 4500
001 29417
003 BD-RjUL
005 20211209051418.0
008 140403s1968 enkfh b 001 0beng
035 _a(BD-RjUL)29502
040 _aDLC
_cDLC
_dBD-RjUL
_beng
041 _aeng
082 0 0 _a828.609
_bHAD 1968
100 1 _aHalliday, F. E.
_q(Frank Ernest),
_d1903-
_954125
245 1 0 _aDoctor Johnson and his world /
_cF. E. Halliday.
260 _aLondon :
_bThames & Hudson,
_cc1968.
300 _a144 p. :
_bill. ;
_c24 cm.
504 _aInclude bibliography and index.
600 1 0 _aJohnson, Samuel,
_d1709-1784
_xHomes and haunts
_zGreat Britain.
_989705
650 0 _aAuthors, English
_y18th century
_xBiography.
_962068
650 0 _aLexicographers
_zGreat Britain
_xBiography.
_989699
650 0 _aIntellectuals
_zGreat Britain
_xBiography.
_989700
650 0 _aCritics
_zGreat Britain
_xBiography.
_955058
651 0 _aGreat Britain
_xIntellectual life
_y18th century.
_955007
942 _2ddc
_cBK
999 _c29417
_d29417